Investigation into the origin and character of surficial sedimentary deposits at the Midshore Regional Solid Waste Facility near Easton, Maryland /

Bibliographic Details
Main Author: Smoot, Joseph P.
Corporate Author: Geological Survey (U.S.)
Other Authors: Newell, Wayne L., DeJong, Benjamin D.
Format: Government Document eBook
Language:English
Published: Reston, Va. : U.S. Dept. of the Interior, U.S. Geological Survey, 2009.
Series:U.S. Geological Survey open-file report ; 2009-1052.
Subjects:
Online Access:https://purl.fdlp.gov/GPO/LPS112449

MARC

Tag First Indicator Second Indicator Subfields
LEADER 00000cam a2200000Ia 4500
001 in00002493321
005 20211202191605.0
006 m d f
007 cr mn|||||||||
008 090511s2009 vauab sb f000 0 eng d
035 |a (OCoLC)ocn320775553 
040 |a GPO  |c GPO  |d MvI  |d UtOrBLW 
043 |a n-us-md 
049 |a WWW 
074 |a 0624-H (online) 
086 0 |a I 19.76:2009-1052 
100 1 |a Smoot, Joseph P. 
245 1 0 |a Investigation into the origin and character of surficial sedimentary deposits at the Midshore Regional Solid Waste Facility near Easton, Maryland /  |c by Joseph P. Smoot, Wayne L. Newell, and Benjamin D. DeJong. 
264 1 |a Reston, Va. :  |b U.S. Dept. of the Interior, U.S. Geological Survey,  |c 2009. 
300 |a v, 64 pages :  |b digital, PDF file. 
336 |a text  |b txt  |2 rdacontent 
337 |a computer  |b c  |2 rdamedia 
338 |a online resource  |b cr  |2 rdacarrier 
490 1 |a Open-file report ;  |v 2009-1052 
538 |a Mode of access: Internet from the USGS web site. Address as of 5/11/09: http://pubs.usgs.gov/of/2009/1052/OFR2009-1052.pdf ; current access available via PURL. 
500 |a Title from PDF title screen (viewed May 11, 2009). 
504 |a Includes bibliographical references (pages 63-64). 
500 |a Electronic resource. 
650 0 |a Sedimentation and deposition  |z Maryland  |z Easton. 
650 0 |a Formations (Geology)  |z Maryland  |z Easton. 
700 1 |a Newell, Wayne L. 
700 1 |a DeJong, Benjamin D. 
710 2 |a Geological Survey (U.S.) 
830 0 |a U.S. Geological Survey open-file report ;  |v 2009-1052. 
856 4 0 |u https://purl.fdlp.gov/GPO/LPS112449  |t 0 
999 |a MARS 
999 f f |s fbc6d9d8-d5f3-3378-a7d3-78dae0b57aac  |i 740a07a2-2361-3aa7-8147-b4b31f165774  |t 0 
952 f f |a Texas A&M University  |b College Station  |c Electronic Resources  |d Available Online  |t 0  |e I 19.76:2009-1052  |h Superintendent of Documents classification 
998 f f |a I 19.76:2009-1052  |t 0  |l Available Online